01371nam a2200277 a 4500001001000000003000900010005001700019008004100036020001800077040002500095082002000120100005800140240004500198245036200243260002900605300002800634500007300662500005500735650003300790650002700823650003100850650004000881650003400921651009400955700004401049000040625DO-SdBNP20251202114223.0110902s2011 dr 000 0 spa d a9788499941646 aDO-SdBNPbspacBNPHU a970.016bF363h,1 aFernández de Oviedo y Valdés , Gonzaloc1478-155710aHistoria general y natural de las Indias10aHistoria general y natural de las índias :bislas y tierra-firme del mar océano /cGonzalo Fernández de Oviedo y Valdés ; publícala la Real Academia de la Historia, cotejada con el códice original, enriquecida con las enmiendas y adiciones del autor, é ilustrada con la vida y el juicio de las obras del mismo por D. José Amador de los Rios. aMadrid :bOrbigo,c2011. av. ; (632 p.) ;c32 cm. aIncluye referencias bibliográficas y notas al pie de las páginas aIncluye biografía del autor págs. IX-CVII, v.1 0aIndios de América Central 0aIndios de las Antillas 4aHistoria naturalzAntillas 4aHistoria naturalzAmérica Central 4aEspañaxColoniaszAmérica 4aAmérica --xDescubrimiento y exploración --xEspañolesvEnsayo, conferencias, etc.12aAmador de los Ríos, Joséd1478-1557